00341nam a2200133 a 4500008004100000050001600041100002000057245002700077260003600104300002200140350000900162650001100171650002500182101206s1969 ||||||||||||||||| || u aTN 693 Sim. aSimons, Eric. N12aA dictionary of alloys aBritainbFrederick Mullerc1969 avii, 191p. : ill. a0.00 aALLOYS aALLOYS--DICTIONARIES